| 000 | 01184naa a22003497a 4500 | ||
|---|---|---|---|
| 001 | BR9704166 | ||
| 003 | BR-BrBNA | ||
| 005 | 20240918181913.0 | ||
| 007 | ta | ||
| 008 | 230509b bl.||||| |||| 00| 0 por d | ||
| 040 |
_aBR-BrBNA _bpor _cBiblioteca Nacional de Agricultura |
||
| 041 | _a(Pt) | ||
| 072 |
_aQ02 _b2480 _b3575 |
||
| 090 | _aQ02 BR9704166 | ||
| 100 | 1 | _aAssuncao, F.P. | |
| 100 | 1 | _aLobato, C.M. da L. | |
| 111 | 1 |
_a5. Encontro de Profissionais da Quimica da Amazonia _cSao Luis, MA (Brazil) _d1985 |
|
| 245 | 1 | _aInfluencia da temperatura na oxidacao do oleo da semente de seringa | |
| 260 | 3 |
_aSao Luis, MA (Brasil): _c1985. |
|
| 500 | _aAnais do 5. Encontro de Profissionais de Quimica da Amazonia Sao Luis, MA (Brasil): 1985. p. 99-103 (BR9704166-AM)Q02 | ||
| 650 | _aSeringueira | ||
| 650 | _aSemente | ||
| 650 | _aOleo | ||
| 650 | _aExtracao | ||
| 650 | _aViscosidade | ||
| 650 | _aOxidacao | ||
| 650 | _aProcessamento | ||
| 650 | _aTemperatura | ||
| 773 | 0 |
_tAnais do 5. Encontro de Profissionais de Quimica da Amazonia _wQ02 BR9704166 _gSao Luis, MA (Brasil), 1985. p. 99-103 |
|
| 909 |
_a202404 _bLucia _c55 _dLucia Elande |
||
| 942 |
_cAM _2AGRIS |
||
| 999 |
_c327454 _d327454 |
||